| 000 | 00499nam a2200193 i 4500 | ||
|---|---|---|---|
| 001 | 99439 | ||
| 003 | ES-MaACL | ||
| 005 | 20230906182510.0 | ||
| 007 | t| | ||
| 008 | 050908s1964 sp ||||1| spa d | ||
| 100 | 1 |
_aMartÃnez, Carmelo. _977725 |
|
| 245 | 1 | 0 |
_aUna por una / _cCarmelo MartÃnez. |
| 260 |
_aMadrid : _bCid, _c1964. |
||
| 300 |
_a322 p. ; _c20 cm. |
||
| 490 | 1 |
_aAltor ; _vXLIV |
|
| 830 | 0 |
_aAltor ; _vXLIV _9181236 |
|
| 852 |
_aES-MaACL _jC-26196 _bR.54396 |
||
| 999 |
_c99439 _d99439 |
||